000 00889nam a22003130a 4500
001 PT62156
003 AR-LpoUNG
005 20210131232056.0
008 191001s2010||||ag |||||||||||||||||spa d
020 _a9789871245666
_c$48
040 _aAR-LpoUNG
_bspa
_cAR-LpoUNG
_eaacr
041 _aspa
044 _aag
082 0 _aR803 586dic
100 1 _aRíos, Daniel Ramón
245 1 0 _aDiccionario de escritores de la Provincia de Buenos Aires :
_bsiglo XX y contemporáneos
250 _a1ra. ed.
260 _aLa Plata :
_bInstituto Cultural de la Provincia de Buenos Aires,
_c2010.
300 _a205 p. :
_btbls., gráfs.
650 4 _aARGENTINA
650 4 _aAUTORES
650 4 _aDICCIONARIOS
650 4 _aLITERATURA
650 4 _aMATERIAL DE REFERENCIA
653 _aBUENOS AIRES
700 1 _aD'Amico, Juan Carlos
_epról.
905 _a62156
942 _cLSALA
999 _c13612
_d13612